000 00869nac a22002657a 4500
001 BR9300319
003 BR-BrBNA
005 20240105121335.0
008 230509b bl.|||m| |||| 00| 0 por d
040 _aBR-BrBNA
_bpor
_cBiblioteca Nacional de Agricultura
072 _aL01
090 _a6450 BR9300319
100 1 _aMachado, C.E. de M.
100 1 _aAbreu, L.C. de
110 1 _aSecretaria da Agricultura, Sao Paulo, SP (Brasil). Depto. da Producao Animal
245 1 _aFaisoes; dados para sua criacao
260 3 _aSao Paulo, SP (Brasil):
_c[nd].
300 _a20 p.
490 _aSerie de Vulgarizacao. Caca - Secretaria de Estado dos Negocios da Agricultura. Depto. da Producao Animal (Brazil)
_vno. 1
_x
500 _a8 illus.
650 _aFaisao
650 _aCriacao
909 _a202312
_bLúcia Elande
_c55
_dLúcia Elande
942 _2AGRIS
_n0
_cMS
999 _c284739
_d284739